Kadra Wisły Kraków (19.04.2024) - Statystyki

Ogólne statystyki
  • Ten quiz został rozwiązany 56 razy
  • Średni wynik to 16 z 35
Statystyki odpowiedzi
Pozycja Piłkarz % Poprawnych
Środkowy napastnik Angel Rodado
95%
Środkowy pomocnik Kacper Duda
81%
Bramkarz Kamil Broda
81%
Środkowy obrońca Alan Uryga
74%
Prawy obrońca Dawid Szot
72%
Środkowy napastnik Szymon Sobczak
72%
Prawy obrońca Bartosz Jaroch
67%
Środkowy obrońca Joseph Colley
67%
Trener Albert Rude
60%
Bramkarz Alvaro Raton
60%
Prawy napastnik Angel Baena
60%
Środkowy pomocnik Marc Carbo
60%
Bramkarz Anton Chichkan
58%
Prawy napastnik Miki Villar
58%
Środkowy obrońca Igor Łasicki
56%
Lewy obrońca Jakub Krzyżanowski
56%
Lewy napastnik Jesus Alfaro
56%
Lewy obrońca David Junca
53%
Środkowy napastnik Michał Żyro
44%
Środkowy obrońca Eneko Satrustegui
40%
Środkowy pomocnik Igor Sapała
40%
Środkowy pomocnik Mariusz Kutwa
40%
Środkowy pomocnik Roman Goku
40%
Środkowy pomocnik Patryk Gogół
35%
Prawy napastnik Bartosz Talar
28%
Środkowy pomocnik Dawid Olejarka
28%
Środkowy pomocnik Vullnet Basha
28%
Środkowy napastnik Bilal Omrani
26%
Bramkarz Jakub Stępak
21%
Prawy obrońca Kuba Wiśniewski
19%
Lewy napastnik Dejvi Bregu
16%
Środkowy pomocnik Kamil Dziedzic
14%
Środkowy napastnik Marcin Barton
7%
Środkowy napastnik Dominik Sarga
5%
Środkowy pomocnik Karol Tokarczyk
5%
Nie znaleziono quizów pasujących do podanych kryteriów
Rozkład punktacji
Procent ludzi z każdym wynikiem
Percentyl według liczby udzielonych odpowiedzi
Twoja historia wyników
Nie rozwiązałeś tego quizu